<?xml version="1.0" encoding="UTF-8"?>
<collection xmlns="http://www.loc.gov/MARC21/slim">
 <record>
  <leader>01948nam a22002897a 4500</leader>
  <controlfield tag="001">NCT_136162</controlfield>
  <controlfield tag="008">180418b        xxu||||| |||| 00| 0 vie d</controlfield>
  <datafield tag="999" ind1=" " ind2=" ">
   <subfield code="c">7028</subfield>
   <subfield code="d">7028</subfield>
  </datafield>
  <datafield tag="020" ind1=" " ind2=" ">
   <subfield code="c">80000</subfield>
   <subfield code="a">9786046640912</subfield>
  </datafield>
  <datafield tag="082" ind1="0" ind2="4">
   <subfield code="2">23rd ed.</subfield>
   <subfield code="a">618</subfield>
   <subfield code="b">C561/T.1</subfield>
  </datafield>
  <datafield tag="100" ind1="1" ind2=" ">
   <subfield code="a">Dương Thị Cương</subfield>
   <subfield code="e">Chủ biên</subfield>
  </datafield>
  <datafield tag="245" ind1="1" ind2="0">
   <subfield code="a">Bài giảng sản phụ khoa</subfield>
   <subfield code="n">Tập 1</subfield>
   <subfield code="c">Dương Thị Cương (chủ biên); Trần Hán Chúc, Nguyễn Viết Tiến, ....(biên soạn)</subfield>
  </datafield>
  <datafield tag="250" ind1=" " ind2=" ">
   <subfield code="a">Tái bản lần thứ 7</subfield>
  </datafield>
  <datafield tag="260" ind1=" " ind2=" ">
   <subfield code="a">H.</subfield>
   <subfield code="b">Y học</subfield>
   <subfield code="c">2020</subfield>
  </datafield>
  <datafield tag="300" ind1=" " ind2=" ">
   <subfield code="a">306 tr.</subfield>
   <subfield code="b">Hình vẽ</subfield>
   <subfield code="c">27cm</subfield>
  </datafield>
  <datafield tag="500" ind1=" " ind2=" ">
   <subfield code="a">ĐTTS ghi: trường Đại học Y Hà Nội - Bộ môn sản</subfield>
  </datafield>
  <datafield tag="520" ind1="3" ind2=" ">
   <subfield code="a">Nội dung cuốn sách này đề cập: tập hợp các bài giảng lý thuyết về sản phụ và phụ khoa dành cho sinh viên các lớp đi thực tập tại bộ môn.</subfield>
  </datafield>
  <datafield tag="653" ind1=" " ind2=" ">
   <subfield code="a">Y đa khoa</subfield>
  </datafield>
  <datafield tag="700" ind1="1" ind2=" ">
   <subfield code="a">Trần Hán Chúc</subfield>
   <subfield code="e">Biên soạn</subfield>
  </datafield>
  <datafield tag="700" ind1="1" ind2=" ">
   <subfield code="a">Nguyễn Viết Tiến</subfield>
   <subfield code="e">Biên soạn</subfield>
  </datafield>
  <datafield tag="942" ind1=" " ind2=" ">
   <subfield code="2">ddc</subfield>
   <subfield code="c">BK</subfield>
  </datafield>
  <datafield tag="952" ind1=" " ind2=" ">
   <subfield code="0">0</subfield>
   <subfield code="1">0</subfield>
   <subfield code="2">ddc</subfield>
   <subfield code="4">0</subfield>
   <subfield code="6">618_000000000000000_C561_T_1</subfield>
   <subfield code="7">0</subfield>
   <subfield code="9">25036</subfield>
   <subfield code="a">000001</subfield>
   <subfield code="b">000001</subfield>
   <subfield code="d">2022-06-13</subfield>
   <subfield code="o">618 C561/T.1</subfield>
   <subfield code="p">MD.19704</subfield>
   <subfield code="r">2022-06-13</subfield>
   <subfield code="v">80000.00</subfield>
   <subfield code="w">2022-06-13</subfield>
   <subfield code="y">BK</subfield>
  </datafield>
  <datafield tag="952" ind1=" " ind2=" ">
   <subfield code="0">0</subfield>
   <subfield code="1">0</subfield>
   <subfield code="2">ddc</subfield>
   <subfield code="4">0</subfield>
   <subfield code="6">618_000000000000000_C561_T_1</subfield>
   <subfield code="7">0</subfield>
   <subfield code="9">25037</subfield>
   <subfield code="a">000001</subfield>
   <subfield code="b">000001</subfield>
   <subfield code="d">2022-06-13</subfield>
   <subfield code="l">2</subfield>
   <subfield code="o">618 C561/T.1</subfield>
   <subfield code="p">MD.19705</subfield>
   <subfield code="r">2022-08-23</subfield>
   <subfield code="s">2022-08-10</subfield>
   <subfield code="v">80000.00</subfield>
   <subfield code="w">2022-06-13</subfield>
   <subfield code="y">BK</subfield>
  </datafield>
  <datafield tag="952" ind1=" " ind2=" ">
   <subfield code="0">0</subfield>
   <subfield code="1">0</subfield>
   <subfield code="2">ddc</subfield>
   <subfield code="4">0</subfield>
   <subfield code="6">618_000000000000000_C561_T_1</subfield>
   <subfield code="7">0</subfield>
   <subfield code="9">25038</subfield>
   <subfield code="a">000001</subfield>
   <subfield code="b">000001</subfield>
   <subfield code="d">2022-06-13</subfield>
   <subfield code="l">2</subfield>
   <subfield code="m">1</subfield>
   <subfield code="o">618 C561/T.1</subfield>
   <subfield code="p">MD.19706</subfield>
   <subfield code="r">2023-01-11</subfield>
   <subfield code="s">2023-01-04</subfield>
   <subfield code="v">80000.00</subfield>
   <subfield code="w">2022-06-13</subfield>
   <subfield code="y">BK</subfield>
  </datafield>
  <datafield tag="952" ind1=" " ind2=" ">
   <subfield code="0">0</subfield>
   <subfield code="1">0</subfield>
   <subfield code="2">ddc</subfield>
   <subfield code="4">0</subfield>
   <subfield code="6">618_000000000000000_C561_T_1</subfield>
   <subfield code="7">0</subfield>
   <subfield code="9">25039</subfield>
   <subfield code="a">000001</subfield>
   <subfield code="b">000001</subfield>
   <subfield code="d">2022-06-13</subfield>
   <subfield code="o">618 C561/T.1</subfield>
   <subfield code="p">MD.19707</subfield>
   <subfield code="r">2022-06-13</subfield>
   <subfield code="v">80000.00</subfield>
   <subfield code="w">2022-06-13</subfield>
   <subfield code="y">BK</subfield>
  </datafield>
  <datafield tag="952" ind1=" " ind2=" ">
   <subfield code="0">0</subfield>
   <subfield code="1">0</subfield>
   <subfield code="2">ddc</subfield>
   <subfield code="4">0</subfield>
   <subfield code="6">618_000000000000000_C561_T_1</subfield>
   <subfield code="7">0</subfield>
   <subfield code="9">25040</subfield>
   <subfield code="a">000001</subfield>
   <subfield code="b">000001</subfield>
   <subfield code="d">2022-06-13</subfield>
   <subfield code="o">618 C561/T.1</subfield>
   <subfield code="p">MD.19708</subfield>
   <subfield code="r">2022-06-13</subfield>
   <subfield code="v">80000.00</subfield>
   <subfield code="w">2022-06-13</subfield>
   <subfield code="y">BK</subfield>
  </datafield>
  <datafield tag="980" ind1=" " ind2=" ">
   <subfield code="a">Thư viện Trường Đại học Nam Cần Thơ</subfield>
  </datafield>
 </record>
</collection>
